000 00517nam a2200181Ia 4500
005 20250326141115.0
008 250326s9999 xx 000 0 und d
037 _aTextbook
040 _aFMSL
_beng
_cFMSL
041 _aeng
_2eng
084 _aSIGMA:f M9
_qFMSL
100 _aCooper H M
_9701963
245 0 _aIntegrating research: guide for literature review
_cCooper H M
260 _aNew Delhi
_bNew Delhi, Sage
_c1989
300 _a156p
942 _cTB
_hSIGMA:f M9
999 _c1288728
_d1288728